000 01800nam a2200229Ia 4500
003 OSt
005 20211008113733.0
008 210310s1993 ck ao gr 000 0 spa d
040 _aCO-JMCR
_cCO-JMCR
041 0 _aspa
082 0 4 _a338.17373 /
_bM533m
_223
110 2 _aForo Hablemos de Café
_n(56a. :
_d1992 :
_dManizales)
_941042
245 1 0 _aMemorias del foro hablemos de café realizado durante la LVI asamblea anual de la asociación nacional de exportadores de café de Colombia
_cAsociación de exportadores de Café de Colombia
250 _aPrimera edición
260 _aBogotá :
_bJ. R. Bermúdez,
_c1992.
300 _a72 páginas :
_bilustraciones y fotografías en blanco y negro ;
_c28 cm.
505 0 _tEl futuro es promisorio. /
_rDr. Gustavo Gaviria Angel. --
_tInstalación a cargo del Sr. ministro de Comercio Exterior. /
_rDr. Juan Manuel Santos. --
_tEl reto de la apertura. /
_rDr. Bernardo Vargas Gibsone. --
_tPodemos ser más productivos. /
_rDr. Carlos Ossa Escobar. --
_tSituación presente y perspectivas de la caficultura. /
_rDr. Hernando José Gómez. --
_tPerspectivas mundiales del café. /
_rDr. Diego Pizano Salazar. --
_tLas instituciones cafeteras son nuestra fortaleza. /
_rDr. Jorge Manrique. --
_tLa política macroeconómica y el café. /
_rDr. Roberto Junguito Bonnet. --
_tDe la cultura del café a la de la eficiencia. /
_rCésar Vallejo. --
_tEl futuro del café: la perspectiva de largo plazo. /
_rArmando Montenegro. --
_tCon moderado optimismo. /
_rDr. Gabriel Rosas Vega. --
_tLa economía cafetera en 1991-1992: perspectivas. /
_rJorge Cárdenas Gutiérrez. --
650 1 4 _aCafé
_xForo
_zColombia
_928830
650 2 4 _aIndustria
_vForo
_xCafé
_zColombia
_941043
650 2 4 _aComercio
_xCongresos, conferencias,
_zColombia
_941044
942 _2ddc
_cBK
999 _c12649
_d12649